| Tag |
First Indicator |
Second Indicator |
Subfields |
| LEADER |
00000cam a2200000 4500 |
| 001 |
in00000018646 |
| 005 |
20151007054021.0 |
| 008 |
850206s1932 gw b 00010 ger |
| 010 |
|
|
|a 38022537
|
| 035 |
|
|
|a (OCoLC)11661805
|
| 035 |
|
|
|9 AAB3705AM
|
| 040 |
|
|
|a DLC
|c DKC
|d TXA
|d UtOrBLW
|
| 049 |
|
|
|a TXAM
|c [A11109343]
|
| 050 |
|
0 |
|a HX263.S6
|b F7
|
| 082 |
0 |
|
|a 923.344
|
| 100 |
1 |
|
|a Freund, Michael,
|d 1902-1972.
|
| 245 |
1 |
0 |
|a Georges Sorel, der revolutionäre Konservatismus /
|c von Michael Freund.
|
| 264 |
|
1 |
|a Frankfurt an Main :
|b V. Klostermann,
|c 1932.
|
| 300 |
|
|
|a 366 pages ;
|c 25 cm.
|
| 336 |
|
|
|a text
|b txt
|2 rdacontent
|
| 337 |
|
|
|a unmediated
|b n
|2 rdamedia
|
| 338 |
|
|
|a volume
|b nc
|2 rdacarrier
|
| 504 |
|
|
|a "Schriften Georges Sorels": pages 269-280. .
|
| 504 |
|
|
|a Bibliography of works dealing with Sorel: pages 363-365.
|
| 600 |
1 |
0 |
|a Sorel, Georges,
|d 1847-1922.
|
| 740 |
4 |
|
|a Der revolutionare konservatismus.
|
| 999 |
|
|
|a MARS
|
| 999 |
f |
f |
|s 91d19e38-5957-3cdd-8f7d-b91a04c4d9a8
|i f58fd961-f0b1-3f59-98a8-196c7617e9dc
|t 0
|
| 952 |
f |
f |
|p ric
|a Texas A&M University
|b Rellis Campus
|c Joint Library Facility
|d Remote Storage
|t 0
|e HX263.S6 F7
|h Library of Congress classification
|i unmediated -- volume
|m A14811109343
|
| 998 |
f |
f |
|a HX263.S6 F7
|t 0
|l Remote Storage
|